000 00528nam a2200121Ia 4500
008 171212s9999 xx 000 0 und d
020 _a9781922064820
100 _aBrook, Heather;Fergie, Deane;Maeorg, Michael;Michell, Dee
245 _cBrook, Heather;Fergie, Deane;Maeorg, Michael;Michell, Dee
_aUniversities in Transition
_bForegrounding Social Contexts of Knowledge in the First Year Experience
260 _bUniversity of Adelaide Press
_c2014
650 _aEducation
856 _uhttp://jstor.org/stable/10.20851/j.ctt1t304xh
999 _c352955
_d352955